[Event "Tourn. n9025"]
[Site "www.chess-mail.com"]
[Date "2016.11.08"]
[Round "1"]
[White "Manuelito"]
[Black "Cal"]
[WhiteElo "1680"]
[BlackElo "1720"]
[Result "1-0"]
[Round "1"]
1.d4 d5
2.Ng1f3 h6
3.e3 a6
4.Bf1e2 Ng8f6
5.O-O e6
6.c4 dxc4
7.Be2xc4 Bf8b4
8.Bc1d2 Bb4xd2
9.Nb1xd2 Bc8d7
10.Qd1b3 b5
11.Bc4d3 O-O
12.Nf3e5 Bd7c8
13.Ra1c1 Bc8b7
14.h3 Qd8d6
15.Rf1e1 Bb7d5
16.Qb3d1 c5
17.Ne5f3 Nf6h5
18.Qd1c2 Nb8d7
19.Nd2e4 cxd4
20.Ne4xd6 f5
21.Nd6xf5 exf5
22.Bd3xf5 Nd7f6
23.Bf5g6 Bd5xf3
24.gxf3 dxe3
25.fxe3 Nh5g3
26.Kf2 Nf6d5
27.Kxg3 Ra8e8
28.Bg6xe8 Rf8xe8
29.Qc2c6 Nd5xe3
30.Qc6xe8 Kh7
31.Re1xe3 { resign }
1-0

[Event "Tourn. n8966"]
[Site "www.chess-mail.com"]
[Date "2016.11.08"]
[Round "1"]
[White "Szustan"]
[Black "Liencam2"]
[WhiteElo "2620"]
[BlackElo "2350"]
[Result "1-0"]
[Round "1"]
1.e4 c5
2.c3 d5
3.exd5 Ng8f6
4.c4 e6
5.dxe6 Bc8xe6
6.Ng1f3 Nb8c6
7.Bf1e2 Bf8e7
8.O-O Qd8d7
9.Nb1c3 a6
10.d3 h6
11.a3 O-O
12.Bc1f4 Ra8d8
13.Nf3e5 Qd7d4
14.Ne5xc6 bxc6
15.Bf4e3 Qd4d6
16.Qd1c2 Nf6g4
17.Be2xg4 Be6xg4
18.Nc3e4 Qd6xd3
19.Qc2xd3 Rd8xd3
20.Be3xc5 Rf8e8
21.Rf1e1 Rd3b3
22.Bc5xe7 Re8xe7
23.Ne4f6 gxf6
24.Re1xe7 Rb3xb2
25.Re7a7 Bg4e2
26.Ra7xa6 Be2xc4
27.Ra6xc6 { resign }
1-0

[Event "Tourn. n9001"]
[Site "www.chess-mail.com"]
[Date "2016.11.08"]
[Round "1"]
[White "Vasylpuzanov"]
[Black "Roque1"]
[WhiteElo "1680"]
[BlackElo "1650"]
[Result "0-1"]
[Round "1"]
1.e4 c5
2.Ng1f3 e6
3.d4 cxd4
4.Nf3xd4 Ng8f6
5.Nb1c3 Bf8b4
6.f3 O-O
7.Bc1d2 Nb8c6
8.Nd4xc6 bxc6
9.Bf1d3 d5
10.O-O Qd8b6
11.Kh1 c5
12.g3 { time. }
0-1

[Event "Tourn. n9006"]
[Site "www.chess-mail.com"]
[Date "2016.11.08"]
[Round "1"]
[White "Manuelito"]
[Black "Falcoale"]
[WhiteElo "1710"]
[BlackElo "1640"]
[Result "1/2-1/2"]
[Round "1"]
1.d4 Ng8f6
2.e3 e6
3.Ng1f3 b6
4.Bf1e2 Bc8b7
5.O-O d5
6.c4 Bf8e7
7.cxd5 Nf6xd5
8.Bc1d2 O-O
9.Nb1c3 Nb8d7
10.Ra1c1 Nd7f6
11.Nc3xd5 Nf6xd5
12.Qd1c2 Ra8c8
13.a3 c5
14.Bd2c3 Nd5xc3
15.Qc2xc3 cxd4
16.Qc3xd4 Rc8xc1
17.Rf1xc1 Qd8xd4
18.Nf3xd4 Be7f6
19.Rc1c7 Rf8b8
20.b3 a6
21.a4 Bb7d5
22.Be2c4 h6
23.Bc4xa6 Bf6xd4
24.exd4 Bd5xb3
25.Ba6b5 Rb8d8
26.Rc7b7 Rd8xd4
27.h3 Bb3xa4
28.Bb5xa4 Rd4xa4
29.Rb7xb6 e5
30.g4 Ra4a3
31.Kg2 f6
32.f3 Kh7
33.h4 Ra3a4
34.h5 e4
35.fxe4 { draw }
1/2-1/2

[Event "Tourn. n9030"]
[Site "www.chess-mail.com"]
[Date "2016.11.08"]
[Round "1"]
[White "Bojan"]
[Black "Fred"]
[WhiteElo "1980"]
[BlackElo "1980"]
[Result "1-0"]
[Round "1"]
1.b4 e5
2.a3 d5
3.Bc1b2 e4
4.e3 Ng8f6
5.d4 Bf8d6
6.c4 c6
7.c5 Bd6c7
8.a4 Nf6g4
9.Qd1d2 Ng4xh2
10.Bf1e2 Qd8h4
11.Nb1c3 Nh2f3
12.gxf3 Qh4xh1
13.O-O-O exf3
14.Ng1xf3 Qh1h6
15.Kc2 Bc8f5
16.Kb3 b6
17.Qd2e1 bxc5
18.dxc5 O-O
19.Bb2c1 Qh6f6
20.Nf3d4 a5
21.b5 cxb5
22.Nc3xb5 Nb8a6
23.Nb5xc7 Na6xc7
24.Bc1b2 Ra8b8
25.Ka2 Bf5e4
26.Rd1d2 Nc7a6
27.c6 Na6b4
28.Ka1 Nb4xc6
29.Nd4b5 Qf6e7
30.Qe1g1 f6
31.f3 Qe7b4
32.Qg1d1 Be4g6
33.Bb2a3 Qb4h4
34.Ba3xf8 Kxf8
35.Rd2xd5 Bg6f7
36.Rd5d7 Nc6b4
37.Qd1d6 Ke8
38.Nb5c7 { resign }
1-0

[Event "Tourn. n9015"]
[Site "www.chess-mail.com"]
[Date "2016.11.08"]
[Round "1"]
[White "Libiesse"]
[Black "Maciekkam"]
[WhiteElo "2020"]
[BlackElo "2079"]
[Result "0-1"]
[Round "1"]
1.d4 Ng8f6
2.c4 g6
3.Nb1c3 Bf8g7
4.Bc1g5 c5
5.d5 h6
6.Bg5xf6 Bg7xf6
7.e4 d6
8.Bf1d3 Qd8a5
9.Ng1e2 Nb8d7
10.O-O Nd7e5
11.f4 Ne5g4
12.Qd1d2 Bf6d4
13.Ne2xd4 cxd4
14.Nc3b1 Qa5xd2
15.Nb1xd2 Ng4e3
16.Rf1f2 e5
17.fxe5 dxe5
18.c5 f5
19.g3 Bc8d7
20.b4 a6
21.Nd2f3 Ne3g4
22.Rf2e2 O-O
23.h3 fxe4
24.Bd3xe4 d3
25.Re2d2 Ng4f6
26.Be4xg6 e4
27.Nf3e5 Kg7
28.Ne5xd7 Kxg6
29.Nd7xf8 Ra8xf8
30.d6 Nf6d7
31.Ra1f1 Rf8e8
32.Kg2 Nd7e5
33.g4 Ne5c4
34.Rd2f2 Nc4e3
{ resign }
0-1

[Event "Tourn. n9004"]
[Site "www.chess-mail.com"]
[Date "2016.11.08"]
[Round "1"]
[White "Luban"]
[Black "Julian"]
[WhiteElo "1940"]
[BlackElo "1990"]
[Result "1-0"]
[Round "1"]
1.d4 d5
2.Ng1f3 e6
3.e3 Ng8f6
4.a3 c5
5.c4 cxd4
6.exd4 Nb8c6
7.h3 Bf8d6
8.Nb1c3 O-O
9.Bc1e3 Rf8e8
10.cxd5 exd5
11.Bf1b5 a6
12.Bb5xc6 bxc6
13.b4 Bc8f5
14.O-O Nf6e4
15.Nc3xe4 Bf5xe4
16.Ra1c1 f5
17.Rc1xc6 f4
18.Be3c1 Qd8d7
19.Rc6c3 Ra8c8
20.Bc1b2 Rc8xc3
21.Bb2xc3 Re8c8
22.Bc3b2 Rc8c2
23.Bb2c1 Qd7c7
24.Nf3d2 Be4d3
25.Rf1e1 Kf7
26.Nd2b3 Bd3g6
27.Nb3c5 Bd6xc5
28.dxc5 a5
29.Qd1xd5 Kf8
30.Qd5a8 Kf7
31.Qa8e8 Kf6
32.Qe8e6 Kg5
33.Re1e5 Kh4
34.Qe6g4 { resign }
1-0

[Event "Tourn. n9020"]
[Site "www.chess-mail.com"]
[Date "2016.11.08"]
[Round "1"]
[White "Norlavuaram"]
[Black "Julian"]
[WhiteElo "2220"]
[BlackElo "2020"]
[Result "1-0"]
[Round "1"]
1.e4 e5
2.Ng1f3 f5
3.Nf3xe5 Ng8f6
4.d4 fxe4
5.Bf1c4 d5
6.Bc4b3 Bf8d6
7.Bc1g5 c6
8.O-O O-O
9.c4 Bc8e6
10.cxd5 cxd5
11.Nb1c3 Nb8c6
12.Nc3xd5 Be6xd5
13.Bb3xd5 Nf6xd5
14.Bg5xd8 Ra8xd8
15.Ne5xc6 bxc6
16.Ra1c1 Rf8f6
17.Qd1a4 Bd6f4
18.Rc1xc6 Rd8f8
19.Rc6xf6 Nd5xf6
20.Qa4xa7 e3
21.fxe3 Bf4xe3
22.Kh1 Kh8
23.h3 h5
24.Qa7c5 Rf8d8
25.Rf1xf6 Be3xd4
26.Rf6f8 { resign }
1-0

[Event "Tourn. n9012"]
[Site "www.chess-mail.com"]
[Date "2016.11.08"]
[Round "1"]
[White "Picifarkinca"]
[Black "Bojan"]
[WhiteElo "1900"]
[BlackElo "1900"]
[Result "1-0"]
[Round "1"]
1.Ng1f3 c5
2.e4 a6
3.d4 e6
4.Nb1c3 h6
5.a4 b6
6.Bc1e3 Qd8c7
7.g3 Bc8b7
8.Bf1g2 Ng8f6
9.e5 Nf6d5
10.Qd1d2 d6
11.O-O Nb8c6
12.Nc3xd5 exd5
13.exd6 Bf8xd6
14.Bg2h3 f6
15.Bh3e6 Nc6d8
16.Be6f5 c4
17.Nf3h4 Bb7c8
18.Bf5g6 Kd7
19.Nh4f5 Rh8g8
20.Nf5xd6 Qc7xd6
21.Be3f4 Qd6e6
22.Ra1e1 Qe6g4
23.Qd2e3 Nd8e6
24.Bg6f7 Rg8e8
25.Bf7xe8 Kxe8
26.Bf4d6 Kf7
27.f4 Qg4f5
28.Re1e2 Bc8d7
29.c3 Bd7xa4
30.Bd6a3 Ra8e8
31.Rf1e1 Ne6c7
32.Qe3c1 Re8xe2
33.Re1xe2 Nc7e6
34.Qc1e1 a5
35.Ba3d6 Ba4d7
36.Bd6a3 b5
37.Ba3d6 h5
38.Re2g2 Qf5g6
39.Qe1f1 f5
40.Qf1a1 Ne6xd4
41.cxd4 Qg6xd6
42.Qa1xa5 b4
43.Rg2e2 Bd7c8
44.Qa5a7 Kf6
45.Qa7a8 Bc8d7
46.Qa8d8 Kg6
47.Re2e7 c3
48.bxc3 bxc3
49.Re7xd7 Qd6b6
50.Qd8g5 { resign }
1-0

[Event "Tourn. n9017"]
[Site "www.chess-mail.com"]
[Date "2016.11.08"]
[Round "1"]
[White "Cal"]
[Black "Redabond"]
[WhiteElo "1630"]
[BlackElo "1690"]
[Result "0-1"]
[Round "1"]
1.c4 d5
2.c5 e5
3.b4 Nb8c6
4.Bc1b2 Nc6xb4
5.a3 Nb4c6
6.Nb1c3 Bc8f5
7.d3 Bf8xc5
8.e3 Ng8f6
9.h3 d4
10.exd4 exd4
11.Nc3e2 O-O
12.Ng1f3 Rf8e8
13.g4 Bf5g6
14.Bf1g2 Nf6d5
15.O-O Qd8e7
16.Rf1e1 Bc5d6
17.Bb2xd4 Qe7d7
18.Bd4b2 Bd6c5
19.d4 Bc5d6
20.Ra1c1 Nc6a5
21.Nf3g5 h6
22.Bg2xd5 hxg5
23.Qd1d2 b6
24.Bb2c3 c6
25.Bd5a2 Bd6e7
26.Bc3xa5 bxa5
27.Ne2c3 Be7xa3
28.Re1xe8 Ra8xe8
29.Nc3a4 Re8e4
30.Rc1c3 Ba3b4
31.Na4c5 Bb4xc5
32.Rc3xc5 Re4xd4
33.Qd2xa5 Rd4d1
34.Kh2 Qd7d6
35.Rc5e5 Rd1d2
36.Kg3 Rd2xa2
37.f3 Ra2xa5
38.f4 Ra5xe5
39.fxe5 Qd6xe5
40.Kf3 Qe5d4
{ resign }
0-1

[Event "Match"]
[Site "www.echecsemail.com"]
[Date "2016.11.08"]
[Round "1"]
[White "Coraza8091"]
[Black "Manuelito"]
[WhiteElo "1490"]
[BlackElo "1720"]
[Result "0-1"]
[Round "1"]
1.e4 e5
2.Bf1c4 Ng8f6
3.Nb1c3 d6
4.h3 Nb8c6
5.Ng1f3 h6
6.Bc4b5 Bc8d7
7.d4 a6
8.Bb5xc6 Bd7xc6
9.d5 Bc6d7
10.Bc1e3 Bf8e7
11.Qd1d2 O-O
12.O-O-O c6
13.h4 Nf6g4
14.Nc3a4 Ng4xe3
15.Qd2xe3 cxd5
16.Na4c3 d4
 { time }
0-1

[Event "Match"]
[Site "www.echecsemail.com"]
[Date "2016.11.08"]
[Round "1"]
[White "Raulazo"]
[Black "Cal"]
[WhiteElo "1890"]
[BlackElo "1690"]
[Result "1-0"]
[Round "1"]
1.e4 e5
2.Ng1f3 d6
3.Bf1c4 h6
4.Nb1c3 Bc8g4
5.Bc4xf7 Kxf7
6.h3 Bg4xf3
7.Qd1xf3 Ng8f6
8.Nc3d5 Bf8e7
9.Qf3c3 Nb8c6
10.Qc3b3 Nf6xe4
11.Nd5xc7 Kg6
12.Nc7xa8 Qd8xa8
13.Qb3d3 Kf5
14.f3 Be7h4
15.Kf1 d5
16.fxe4 dxe4
17.g4 Kf4
18.Qd3e3 { resign }
1-0

[Event "Match"]
[Site "www.echecsemail.com"]
[Date "2016.11.08"]
[Round "1"]
[White "Worldnumber1"]
[Black "Panham"]
[WhiteElo "1809"]
[BlackElo "2200"]
[Result "0-1"]
[Round "1"]
1.d4 Ng8f6
2.Ng1f3 e6
3.c4 b6
4.Nb1c3 Bf8b4
5.e3 O-O
6.Bf1d3 Bc8b7
7.a3 Bb4xc3
8.bxc3 c5
9.O-O Nf6e4
10.Nf3d2 Ne4f6
11.e4 d5
12.cxd5 exd5
13.e5 Nf6d7
14.f4 Bb7a6
15.c4 cxd4
16.e6 dxc4
17.Nd2xc4 Nd7c5
18.f5 fxe6
19.fxe6 Nc5xd3
20.Qd1xd3 Rf8xf1
21.Qd3xf1 Qd8e7
22.Nc4xb6 Ba6xf1
23.Nb6xa8 Bf1c4
24.Ra1b1 Nb8c6
25.Rb1b8 Nc6xb8
26.Bc1f4 Qe7xe6
27.Bf4xb8 Qe6e1
{ resign }
0-1

[Event "Match"]
[Site "www.echecsemail.com"]
[Date "2016.11.08"]
[Round "1"]
[White "Coraza8091"]
[Black "Paco"]
[WhiteElo "1500"]
[BlackElo "1900"]
[Result "0-1"]
[Round "1"]
1.Ng1f3 d5
2.e3 Bc8f5
3.Nb1c3 e6
4.d4 Nb8c6
5.a3 Qd8f6
6.Qd1e2 Ng8h6
7.e4 dxe4
8.Bc1g5 exf3
 { time }
0-1

[Event "Match"]
[Site "www.echecsemail.com"]
[Date "2016.11.08"]
[Round "1"]
[White "Whitekknight"]
[Black "Ltromb"]
[WhiteElo "1950"]
[BlackElo "1499"]
[Result "1-0"]
[Round "1"]
1.e4 c5
2.Ng1f3 d6
3.d4 cxd4
4.Nf3xd4 Ng8f6
5.Nb1c3 a6
6.Bf1d3 e6
7.Bc1g5 Bf8e7
8.Qd1e2 Nb8d7
9.Nd4f3  { time }
1-0

[Event "Match"]
[Site "www.echecsemail.com"]
[Date "2016.11.08"]
[Round "1"]
[White "Mrmoto"]
[Black "Silikon"]
[WhiteElo "1630"]
[BlackElo "1599"]
[Result "0-1"]
[Round "1"]
1.d4 d5
2.c4 Ng8f6
3.e3 Nb8c6
4.Nb1c3 e5
5.dxe5 Nc6xe5
6.b3 Bf8b4
7.Bc1d2 O-O
8.a3 Bb4d6
9.f4 Bc8g4
10.Ng1f3 Ne5c6
11.Bf1e2 Qd8d7
12.Qd1c2 dxc4
13.Be2xc4 Rf8e8
14.Bc4e2 Bg4f5
15.Be2d3 Bf5xd3
16.Qc2xd3 Bd6xf4
17.Qd3xd7 Nf6xd7
18.O-O-O Bf4xe3
19.Kc2 Be3c5
20.Nc3b5 Re8e2
21.g4 Ra8c8
22.Nb5c3 Re2f2
23.Nf3h4 Bc5xa3
24.Nc3e4 Rf2e2
25.Ne4c3 Nc6d4
26.Kd3 Nd7e5
27.Kxd4 Rc8d8
28.Nc3d5 b6
29.Bd2c3 Ba3c5

0-1

[Event "Match"]
[Site "www.echecsemail.com"]
[Date "2016.11.08"]
[Round "1"]
[White "Rindrandria"]
[Black "Ranjachess"]
[WhiteElo "1690"]
[BlackElo "1760"]
[Result "1-0"]
[Round "1"]
1.e4 e5
2.g4 h6
3.Ng1f3 d6
4.a4 Bc8xg4
5.Ra1a3 Ng8f6
6.h3 d5
7.hxg4 Bf8xa3
8.Nb1xa3 Nf6xg4
9.Bf1h3 dxe4
10.Bh3xg4 exf3
11.Qd1xf3 Nb8c6
12.Rh1h5 g6
13.Rh5h2 f5
14.Bg4h5 Qd8g5
15.Kf1 O-O-O
16.Bh5xg6 Qg5xg6
17.Rh2g2 Qg6e6
18.Qf3h5 e4
19.f3 e3
20.dxe3 Rd8d1
21.Kf2 Rd1xc1
22.f4 Rh8e8
23.Na3c4 Rc1xc2
24.Ke1 Qe6xc4
25.Qh5xe8 Nc6d8
26.Rg2xc2 Qc4xc2
27.Qe8e5 Kb8
28.Qe5d4 Kc8
29.Qd4f6 c5
30.Qf6xh6 Qc2xb2
31.Qh6d6 Qb2b6
32.Qd6d5 Qb6c6
33.Qd5xf5 Kc7
34.Qf5h7 Kb6
35.f5 c4
36.Qh7h8 Qc6c7
37.Qh8e8 c3
38.Qe8b5 
1-0

[Event "Match"]
[Site "www.echecsemail.com"]
[Date "2016.11.08"]
[Round "1"]
[White "Genius5"]
[Black "Frisker"]
[WhiteElo "1620"]
[BlackElo "2300"]
[Result "0-1"]
[Round "1"]
1.Nb1c3 d5
2.d4 Ng8f6
3.Bc1g5 Bc8f5
4.e3 e6
5.Bf1d3 Bf8e7
6.Ng1e2 Nb8d7
7.Ne2g3 Bf5g6
8.Qd1d2 a6
9.Bd3xg6 hxg6
10.Bg5xf6 gxf6
11.O-O-O b5
12.h3 Nd7b6
13.Qd2e2 b4
14.Nc3b1 Qd8d7
15.Nb1d2 a5
16.Kb1 a4
17.Nd2f3 Nb6c4
18.e4 c6
19.exd5 cxd5
20.Rh1e1 Nc4d6
21.Rd1c1 a3
 { time }
0-1

[Event "Match"]
[Site "www.echecsemail.com"]
[Date "2016.11.08"]
[Round "1"]
[White "Caspito"]
[Black "Coraza8091"]
[WhiteElo "1770"]
[BlackElo "1490"]
[Result "1-0"]
[Round "1"]
1.e4 e5
2.Ng1f3 Nb8c6
3.Bf1c4 h6
4.c3 Ng8f6
5.d3 Bf8c5
6.O-O d5
7.exd5 Nc6e7
8.Nf3xe5 Bc5d6
9.Rf1e1 O-O
10.Qd1f3 Bd6xe5
11.Re1xe5 Ne7g6
12.Re5e1 Bc8g4
13.Qf3g3 Qd8d7
14.Bc1f4 b5
15.Bc4b3 Nf6h5
16.Qg3e3 Ng6xf4
17.Qe3d4 Bg4h3
18.g3 Qd7g4
19.Re1e3  { time }
1-0

[Event "Match"]
[Site "www.echecsemail.com"]
[Date "2016.11.08"]
[Round "1"]
[White "Istomc"]
[Black "Ddum975"]
[WhiteElo "1630"]
[BlackElo "1809"]
[Result "1-0"]
[Round "1"]
1.e4 c5
2.Nb1c3 Nb8c6
3.Bf1c4 e6
4.Ng1f3 Ng8f6
5.d3 d5
6.Bc4b5 Bc8d7
7.Bb5xc6 Bd7xc6
8.O-O  { time }
1-0

[Event "1/128 Finale"]
[Site "www.chess-mail.com"]
[Date "2016.11.08"]
[Round "1"]
[White "Fieldfast"]
[Black "Al3x"]
[WhiteElo "1729"]
[BlackElo "1499"]
[Result "1-0"]
[Round "1"]
1.e4 e6
2.d4 d5
3.Nb1d2 dxe4
4.Nd2xe4 Bf8e7
5.Ng1f3 Ng8f6
6.Bf1d3 Nb8c6
7.c3 O-O
8.O-O b6
9.Qd1c2 g6
10.Bc1h6 Rf8e8
11.Bd3b5 Bc8b7
12.Ne4xf6 Be7xf6
13.Qc2a4 Qd8d6
14.Nf3e5 Bf6xe5
15.dxe5 Qd6c5
16.Bh6e3 Qc5d5
17.Rf1d1 Nc6d4
18.Bb5f1 Nd4f3
19.Kh1 Qd5xe5
20.gxf3 Bb7xf3
21.Bf1g2 Bf3xd1
22.Ra1xd1 Ra8d8
23.Rd1g1 a5
24.Qa4c4 Qe5h5
25.Qc4xc7 Rd8d1
26.h3 Re8d8
27.Qc7xb6 Rd1xg1
28.Kxg1 Rd8d1
29.Kh2 Qh5e5
30.f4 Qe5f5
31.Qb6b8 Kg7
32.Qb8e5 Qf5xe5
33.fxe5 Rd1e1
34.Be3d4 Re1e2
35.c4 Kf8
36.Kg3 a4
37.a3 Re2d2
38.Bd4c3 Rd2d3
39.Kf2 Ke7
40.c5 Kd7
41.Bg2f1 Rd3d5
42.c6 Kc7
43.Ke3 Rd5d1
44.Bf1b5 Rd1h1
45.Bc3a5 { resign }
1-0

[Event "1/16 Finale"]
[Site "www.chess-mail.com"]
[Date "2016.11.08"]
[Round "1"]
[White "Hennie4820"]
[Black "Szustan"]
[WhiteElo "2010"]
[BlackElo "2590"]
[Result "0-1"]
[Round "1"]
1.e4 e5
2.Ng1f3 Nb8c6
3.Bf1c4 Ng8f6
4.d4 exd4
5.O-O Nf6xe4
6.Rf1e1 d5
7.Bc4xd5 Qd8xd5
8.Nb1c3 Qd5a5
9.Nc3xe4 Bc8e6
10.Ne4g5 O-O-O
11.Ng5xe6 fxe6
12.Re1xe6 Bf8d6
13.Bc1g5 Rd8e8
14.Qd1e2 Re8xe6
15.Qe2xe6 Kb8
16.Ra1e1 a6
17.a3 h6
18.Bg5d2 Qa5b5
19.Bd2c1 Rh8f8
20.h3 Qb5f5
21.Qe6xf5 Rf8xf5
22.Re1e8 Ka7
23.Kf1 Rf5c5
24.Nf3e1 Rc5e5
25.Re8xe5 Nc6xe5
26.Ke2 Kb6
27.Ne1d3 Ne5d7
28.Bc1f4 Kc6
29.Bf4xd6 Kxd6
30.f4 c5
31.Kf3 Kd5
32.b3 b5
33.g4 a5
34.h4 c4
35.Nd3c1 Nd7f6
36.g5 Nf6e8
37.f5 hxg5
38.hxg5 Ke5
39.Kg4 Ke4
40.a4 bxa4
41.bxa4 Ke3
{ resign }
0-1

[Event "1/64 Finale"]
[Site "www.chess-mail.com"]
[Date "2016.11.08"]
[Round "1"]
[White "Egdiogel"]
[Black "Ff333"]
[WhiteElo "2210"]
[BlackElo "2070"]
[Result "1-0"]
[Round "1"]
1.e4 e5
2.Ng1f3 Nb8c6
3.d4 exd4
4.c3 Bf8c5
5.cxd4 Bc5b4
6.Nb1c3 h6
7.d5 Nc6a5
8.Qd1d4 Bb4e7
9.b4 c5
10.bxc5 f6
11.d6 Na5c6
12.Qd4d5 Be7f8
13.Qd5h5 { resign }
1-0

[Event "Tourn. n9038"]
[Site "www.chess-mail.com"]
[Date "2016.11.09"]
[Round "1"]
[White "Falcoale"]
[Black "Libiesse"]
[WhiteElo "1820"]
[BlackElo "1990"]
[Result "0-1"]
[Round "1"]
1.e4 c5
2.Ng1f3 e6
3.Bf1c4 Nb8c6
4.h3 d6
5.O-O Qd8c7
6.a3 Bf8e7
7.d3 Ng8f6
8.Bc1f4 a6
9.Rf1e1 b5
10.Bc4a2 Bc8b7
11.e5 dxe5
12.Nf3xe5 Be7d6
13.d4 Nc6xd4
14.c3 Nd4f5
15.Ne5xf7 Kxf7
16.Ba2xe6 Kf8
17.Bf4xd6 Nf5xd6
18.Nb1d2 Ra8d8
19.Qd1c2 c4
20.Re1e3 Qc7c6
21.Nd2f3 Nd6e4
22.Be6f5 Rd8d2
23.Nf3xd2 Ne4xd2
24.Qc2xd2 Qc6xg2
{ resign }
0-1

[Event "Tourn. n9024"]
[Site "www.chess-mail.com"]
[Date "2016.11.09"]
[Round "1"]
[White "Picifarkinca"]
[Black "Bojan"]
[WhiteElo "1970"]
[BlackElo "1940"]
[Result "1/2-1/2"]
[Round "1"]
1.Ng1f3 g6
2.g3 b6
3.Bf1g2 Bc8b7
4.c4 Bf8g7
5.Nb1c3 e6
6.O-O Ng8e7
7.e4 d6
8.d4 Nb8d7
9.b3 c5
10.Nc3b5 Nd7f6
11.Rf1e1 Bb7xe4
12.dxc5 dxc5
13.Qd1xd8 Ra8xd8
14.Bc1b2 Be4xf3
15.Bg2xf3 Rd8d7
16.Ra1d1 Rd7xd1
17.Re1xd1 O-O
18.Bb2xf6 Bg7xf6
19.Rd1d7 a6
20.Nb5c7 a5
21.Nc7b5 Ne7f5
22.Bf3e4 Rf8b8
23.Be4xf5 gxf5
24.Nb5d6 Rb8f8
25.Kf1 Bf6e5
26.Nd6b5 Rf8b8
27.Ke2 Kf8
28.f4 Be5f6
29.Nb5d6 Bf6e7
30.Nd6b5 Ke8
31.Rd7d1 h5
32.a4 Be7f6
33.Ke3 Ke7
34.Rd1d3 { draw }
1/2-1/2

[Event "Tourn. n9038"]
[Site "www.chess-mail.com"]
[Date "2016.11.09"]
[Round "1"]
[White "Libiesse"]
[Black "Luban"]
[WhiteElo "1990"]
[BlackElo "1920"]
[Result "1-0"]
[Round "1"]
1.d4 d5
2.c4 dxc4
3.e3 e6
4.Bf1xc4 Ng8f6
5.Ng1f3 a6
6.O-O b5
7.Bc4d3 Bc8b7
8.a3 c5
9.Nb1c3 Nb8c6
10.Bd3b1 Bf8e7
11.dxc5 Be7xc5
12.b4 Bc5e7
13.Qd1e2 O-O
14.Rf1d1 Qd8c7
15.Bc1b2 Ra8c8
16.Bb1d3 h6
17.Ra1c1 Qc7b8
18.Rd1d2 Nc6e5
19.Nf3xe5 Rf8d8
20.Ne5f3 Be7d6
21.h3 Bb7xf3
22.Qe2xf3 Bd6e5
23.Rc1d1 Kh8
24.Nc3e2 Be5xb2
25.Rd2xb2 Rc8c3
26.Ne2xc3 { resign }
1-0

[Event "Tourn. n8999"]
[Site "www.chess-mail.com"]
[Date "2016.11.09"]
[Round "1"]
[White "Prize640"]
[Black "Falcoale"]
[WhiteElo "2109"]
[BlackElo "1640"]
[Result "1-0"]
[Round "1"]
1.Ng1f3 Ng8f6
2.g3 e6
3.Bf1g2 d5
4.c4 dxc4
5.Nb1a3 c6
6.Na3xc4 Bf8e7
7.O-O O-O
8.d4 Nb8d7
9.Nc4e5 Nd7xe5
10.Nf3xe5 Nf6d7
11.Qd1b3 Nd7xe5
12.dxe5 Bc8d7
13.Qb3xb7 Qd8c8
14.Qb7xc8 Ra8xc8
15.b3 f6
16.Bc1b2 f5
17.Ra1d1 Bd7e8
18.Rd1c1 c5
19.f4 Be8b5
20.Rf1e1 a6
21.e4 fxe4
22.Bg2xe4 Bb5c6
23.Be4xc6 Rc8xc6
24.Rc1c4 Kf7
25.Re1c1 Rf8c8
26.Kg2 Rc8d8
27.Rc1c2 g6
28.Bb2a3 Rd8c8
29.b4 Ke8
30.bxc5 Kd7
31.Kf3 Ke8
32.Ke4 Kf7
33.Kd4 Rc8d8
34.Ke4 Kg7
35.Rc2b2 Kh6
36.Rb2b7 Be7f8
37.g4 Rd8d2
38.g5 Kh5
39.Rb7xh7 Kg4
40.f5 gxf5
41.Ke3 Kxg5
42.Kxd2 Bf8h6
43.Ke2 Kg6
44.Rh7d7 Bh6g7
45.Rd7d6 Rc6xd6
46.exd6 { resign }
1-0

[Event "Tourn. n8851"]
[Site "www.chess-mail.com"]
[Date "2016.11.09"]
[Round "1"]
[White "Seger"]
[Black "Szustan"]
[WhiteElo "2710"]
[BlackElo "2580"]
[Result "1-0"]
[Round "1"]
1.d4 d5
2.c4 dxc4
3.Ng1f3 Ng8f6
4.e3 e6
5.Bf1xc4 Bf8e7
6.Nb1c3 c5
7.O-O cxd4
8.Nf3xd4 Qd8c7
9.Qd1e2 O-O
10.e4 Nb8c6
11.Nd4xc6 bxc6
12.Rf1d1 Nf6d7
13.Bc1e3 Nd7e5
14.Nc3a4 Qc7a5
15.b3 Bc8b7
16.Qe2c2 Ne5xc4
17.Qc2xc4 Ra8d8
18.h3 Rd8xd1
19.Ra1xd1 Rf8d8
20.Rd1xd8 Qa5xd8
21.Be3c5 Be7f6
22.Qc4e2 Qd8b8
23.Qe2d1 h6
24.Qd1d7 Bf6e5
25.f3 a5
26.Qd7d2 Be5c7
27.Bc5b6 Bc7e5
28.Qd2d8 Qb8xd8
29.Bb6xd8 f5
30.exf5 Be5d4
31.Kf1 exf5
32.Bd8xa5 Bb7a6
33.Ke1 Kf7
34.Ba5b6 Bd4f6
35.g3 Ba6c8
36.Na4c5 Bf6d4
37.h4 g5
38.h5 Bc8e6
39.Ke2 Be6d5
40.Nc5d7 Bd4f6
41.Bb6c5 Bd5e6
42.Nd7b8 Be6d5
43.Nb8a6 Bd5e6
44.Na6b4 Be6d7
45.a4 Bf6d8
46.Nb4c2 Bd8c7
47.Kf2 Ke8
48.b4 f4
49.g4 Bc7e5
50.Nc2a3 Be5b8
51.Ke2 Bd7c8
52.Na3c4 Bc8a6
53.Kd3 Kf7
54.Kd4 Bb8c7
55.a5 Ke8
56.Bc5b6 Bc7b8
57.Nc4d2 Bb8d6
58.Bb6c5 Bd6c7
59.Nd2b3 Kf7
60.Ke4 Bc7d8
61.Ke5 Bd8c7
62.Bc5d6 Bc7d8
63.Kd4 Ba6e2
64.Kc5 { resign }
1-0

[Event "Tourn. n9001"]
[Site "www.chess-mail.com"]
[Date "2016.11.09"]
[Round "1"]
[White "Cal"]
[Black "Hansen"]
[WhiteElo "1620"]
[BlackElo "1610"]
[Result "1-0"]
[Round "1"]
1.c4 d5
2.cxd5 Qd8xd5
3.d4 e6
4.Nb1c3 Bf8b4
5.Ng1f3 h6
6.Bc1d2 Qd5f5
7.e3 a6
8.e4 Qf5f6
9.a3 Bb4a5
10.Bf1c4 Nb8c6
11.e5 Qf6g6
12.h3 Qg6xg2
13.Rh1g1 Qg2xh3
14.Bd2f4 g5
15.Bf4g3 g4
16.Nf3h2 Qh3h5
17.Nh2xg4 Qh5g6
18.b4 Ba5b6
19.Bc4d3 Qg6g7
20.Bg3h4 Bb6xd4
21.Ra1c1 h5
22.Ng4f6 Ng8xf6
23.Rg1xg7 Nf6d7
24.Qd1f3 Nd7xe5
25.Qf3f6 Ne5xd3
26.Kd2 Bd4xf6
27.Bh4xf6 Nd3xf2
28.b5 Nc6a5
29.Nc3e2 Nf2e4
30.Ke3 Ne4xf6
31.Rc1xc7 Nf6d5
32.Kd4 Nd5xc7
33.Kc5 Nc7d5
34.bxa6 Ra8xa6
35.Kd4 Rh8h6
36.a4 Na5c6
37.Kc4 Ra6xa4
38.Kc5 b6
39.Kxc6 Bc8d7
40.Kd6 Ra4e4
41.Rg7g8 { resign }
1-0

[Event "Tourn. n9016"]
[Site "www.chess-mail.com"]
[Date "2016.11.09"]
[Round "1"]
[White "Maciekkam"]
[Black "Awfen"]
[WhiteElo "2079"]
[BlackElo "2100"]
[Result "1-0"]
[Round "1"]
1.d4 d5
2.c4 dxc4
3.Ng1f3 Ng8f6
4.Nb1c3 Bc8d7
5.e4 b5
6.e5 Nf6g4
7.h3 Ng4h6
8.Bc1xh6 gxh6
9.d5 c6
10.Qd1d4 e6
11.d6 Bf8g7
12.a4 Qd8a5
13.Bf1e2 b4
14.Nc3e4 b3
15.Qd4c3 Qa5xc3
16.Ne4xc3 f6
17.exf6 Bg7xf6
18.Be2xc4 O-O
19.Bc4xb3 Nb8a6
20.Bb3c4 Na6b4
21.O-O Rf8f7
22.Nc3e4 Nb4d5
23.Ne4xf6 Nd5xf6
24.Nf3e5 Rf7g7
25.Ne5xd7 Nf6xd7
26.Bc4xe6 Kf8
27.f4 Nd7c5
28.f5 Ra8d8
29.Ra1c1 Nc5xa4
30.Rc1xc6 Na4xb2
31.d7 Nb2d3
32.Rc6c8 Ke7
33.Rc8xd8 Kxd8
34.f6 { resign }
1-0

[Event "Tourn. n9030"]
[Site "www.chess-mail.com"]
[Date "2016.11.09"]
[Round "1"]
[White "Osopanda"]
[Black "Attatroll"]
[WhiteElo "2020"]
[BlackElo "1950"]
[Result "1-0"]
[Round "1"]
1.d4 e5
2.e4 exd4
3.Qd1xd4 Nb8c6
4.Qd4e3 Ng8f6
5.Nb1c3 Bf8b4
6.Bc1d2 d6
7.O-O-O O-O
8.f4 Nf6g4
9.Qe3g3 h5
10.h3 h4
11.Qg3e1 Ng4h6
12.Ng1f3 Bc8d7
13.f5 Rf8e8
14.Bf1d3 Qd8f6
15.Bd2g5 Bb4xc3
16.bxc3 Bd7xf5
17.Bg5xf6 gxf6
18.Qe1xh4 { resign }
1-0

[Event "Tourn. n9038"]
[Site "www.chess-mail.com"]
[Date "2016.11.09"]
[Round "1"]
[White "Luban"]
[Black "Bojan"]
[WhiteElo "1920"]
[BlackElo "1980"]
[Result "1-0"]
[Round "1"]
1.d4 d5
2.Ng1f3 Nb8c6
3.h3 h6
4.e3 Bc8f5
5.a3 Ng8f6
6.c4 a6
7.Nb1c3 e6
8.Bf1d3 Nf6e4
9.Bd3xe4 dxe4
10.Nf3d2 Bf5g6
11.Nd2xe4 b6
12.O-O Qd8h4
13.Ne4g3 Bf8d6
14.Qd1f3 Bg6d3
15.Qf3xc6 Ke7
16.Nc3d5 exd5
17.cxd5 Bd3xf1
18.Ng3f5 Kf6
19.Nf5xh4 Bf1b5
20.Qc6c2 g6
21.e4 Kg7
22.e5 Bd6e7
23.Nh4f3 Rh8d8
24.Qc2xc7 Be7f8
25.d6 Ra8b8
26.Bc1xh6 Kxh6
27.Qc7xf7 Rd8d7
28.Qf7f4 Kg7
29.Ra1c1 Rd7f7
30.Qf4g4 Rb8b7
31.e6 Rf7f6
32.Rc1c7 { resign }
1-0

[Event "Tourn. n9029"]
[Site "www.chess-mail.com"]
[Date "2016.11.09"]
[Round "1"]
[White "Cal"]
[Black "Albertf"]
[WhiteElo "1700"]
[BlackElo "1860"]
[Result "1-0"]
[Round "1"]
1.d4 d5
2.Bc1f4 Ng8f6
3.h3 e6
4.a3 Nb8d7
5.e3 c6
6.Nb1c3 c5
7.dxc5 Nd7xc5
8.Bf1b5 Bc8d7
9.Bb5xd7 Qd8xd7
10.Ng1f3 Bf8d6
11.O-O O-O
12.b4 Nc5e4
13.Nc3xe4 Nf6xe4
14.Qd1d4 Bd6xf4
15.exf4 Rf8c8
16.Nf3e5 Qd7e8
17.c4 f6
18.Ne5g4 Rc8xc4
19.Qd4d3 Ra8c8
20.Ng4e3 Rc4c3
21.Qd3e2 Qe8c6
22.b5 Qc6c5
23.a4 d4
24.Ne3g4 f5
25.Ng4e5 d3
26.Qe2b2 Rc3c2
27.Qb2b3 d2
28.Ra1d1 Qc5c3
29.Qb3xe6 Kh8
30.Ne5f7 Kg8
31.Nf7d6 { resign }
1-0